[Event "Bohemia South-chT 0405"]
[Site "Czech Republic"]
[Date "2004.??.??"]
[Round "?"]
[White "Lastovicka, Frantisek"]
[Black "Netopil, Martin"]
[Result "1/2-1/2"]
[WhiteElo "1790"]
[BlackElo "1760"]
[PlyCount "70"]
[EventDate "2004.10.??"]
[EventType "team"]
[EventRounds "11"]
[EventCountry "CZE"]
[SourceTitle "EXT 2007"]
[Source "ChessBase"]
[SourceDate "2006.11.23"]
[SourceVersion "1"]
[SourceVersionDate "2006.11.23"]
[SourceQuality "1"]

1. e4 c6 2. d4 d5 3. Nc3 dxe4 4. Nxe4 Nd7 5. Bc4 Ngf6 6. Ng5 e6 7. Be3 Nb6 8. Bb3 Nbd5 9. Bd2 Bd6 10. Qf3 0-0 11. c4 Ne7 12. Bc3 Ng6 13. Ne4 Nxe4 14. Qxe4 Qh4 15. Bc2 Qxe4+ 16. Bxe4 f5 17. Bd3 c5 18. Nf3 cxd4 19. Nxd4 e5 20. Nb5 Rd8 21. 0-0-0 a6 22. Nxd6 Rxd6 23. Bc2 Rxd1+ 24. Rxd1 Be6 25. b3 Rc8 26. Rd6 Kf7 27. Rb6 Rc7 28. g4 fxg4 29. Bxg6+ hxg6 30. Bxe5 Re7 31. Bd6 Rd7 32. c5 Bd5 33. Rb4 Be6 34. Rd4 Kf6 35. Kd2 Kg5 1/2-1/2